[Event "Moscow-ch (Women)"]
[Site "Moscow"]
[Date "2024.03.30"]
[Round "7"]
[White "Preobrazhenskaya, Diana"]
[Black "Dimitrova, Aleksandra"]
[Result "1-0"]
[WhiteElo "1992"]
[BlackElo "2188"]
[PlyCount "39"]
[EventDate "2024.03.22"]
[EventType "swiss"]
[EventRounds "7"]
[EventCountry "RUS"]
[SourceTitle "CB15_2024"]
[SourceDate "2024.04.10"]
[SourceVersion "1"]
[SourceVersionDate "2024.04.10"]
[SourceQuality "1"]

1. e4 c5 2. Nf3 e6 3. d4 cxd4 4. Nxd4 Nc6 5. Nc3 Qc7 6. Nxc6 bxc6 7. Bd3 Nf6 8. Qe2 d5 9. exd5 cxd5 10. Nb5 Qb8 11. g3 Nd7 12. Bf4 e5 13. 0-0-0 Be7 14. Rhe1 f6 15. Nc3 Bb4 16. Nxd5 Bxe1 17. Qg4 Kf8 18. Bh6 Rg8 19. Qe6 Bb4 20. Bxh7 1-0

[Event "Moscow Blondes-Brunettes m 13th"]
[Site "Moscow"]
[Date "2024.03.14"]
[Round "4.3"]
[White "Dimitrova, Aleksandra"]
[Black "Badelka, Olga"]
[Result "0-1"]
[WhiteElo "2188"]
[BlackElo "2377"]
[PlyCount "122"]
[EventDate "2024.03.14"]
[EventType "schev (blitz)"]
[EventRounds "8"]
[EventCountry "RUS"]
[SourceTitle "CB13_2024"]
[SourceDate "2024.03.27"]
[SourceVersion "1"]
[SourceVersionDate "2024.03.27"]
[SourceQuality "1"]
[WhiteTeam "Brunettes"]
[BlackTeam "Blondes"]
[WhiteTeamCountry "RUS"]
[BlackTeamCountry "RUS"]

1. e4 e5 2. Nf3 Nc6 3. Bb5 Nf6 4. d3 d6 5. c3 a6 6. Ba4 b5 7. Bc2 Be7 8. h3 d5 9. Nbd2 dxe4 10. dxe4 0-0 11. 0-0 h6 12. Nb3 Be6 13. Be3 Bc4 14. Re1 a5 15. Qxd8 Rfxd8 16. Nc5 Bxc5 17. Bxc5 a4 18. b3 axb3 19. axb3 Rxa1 20. Rxa1 Bd3 21. Bxd3 Rxd3 22. Ra6 Nd8 23. Ra8 Kh7 24. Nxe5 Rd1+ 25. Kh2 Ne6 26. Be3 Nxe4 27. Nxf7 Nxc3 28. h4 h5 29. Re8 Kg6 30. Ne5+ Kf6 31. Nf3 Nd5 32. Bg5+ Kf7 33. Rb8 Nxg5 34. hxg5 b4 35. Ne5+ Ke6 36. Re8+ Kf5 37. Nf3 c5 38. Re5+ Kf4 39. g6 Nf6 40. Re1 Ng4+ 41. Kg1 Rd3 42. Nh2 Kg5 43. Nf3+ Kxg6 44. Rc1 Rc3 45. Rd1 Rxb3 46. Rd6+ Kf7 47. Ng5+ Ke7 48. Re6+ Kd7 49. g3 Rb1+ 50. Kg2 b3 51. Rb6 c4 52. Ne4 Rc1 53. Kf3 Kc7 54. Rb5 Kc6 55. Rb8 Ne5+ 56. Kf4 Nd3+ 57. Ke3 b2 58. Nd2 Kc7 59. Rb5 c3 60. Kxd3 cxd2 61. Kxd2 b1Q 0-1

[Event "Moscow-ch op Superfinal"]
[Site "Ershovo"]
[Date "2024.02.25"]
[Round "4"]
[White "Dimitrova, Aleksandra"]
[Black "Lupolov, Boris"]
[Result "1/2-1/2"]
[WhiteElo "2188"]
[BlackElo "2090"]
[PlyCount "72"]
[EventDate "2024.02.23"]
[EventType "swiss"]
[EventRounds "10"]
[EventCountry "RUS"]
[SourceTitle "CB10_2024"]
[SourceDate "2024.03.06"]
[SourceVersion "1"]
[SourceVersionDate "2024.03.06"]
[SourceQuality "1"]

1. e4 c6 2. d4 d5 3. e5 Bf5 4. h4 h5 5. Bd3 Bxd3 6. Qxd3 Qa5+ 7. Nd2 e6 8. Ne2 Qa6 9. c4 Bb4 10. b3 Ne7 11. 0-0 c5 12. Nc3 Bxc3 13. Qxc3 cxd4 14. Qxd4 Nbc6 15. Qf4 Rd8 16. Qg5 Nf5 17. Bb2 Rh6 18. cxd5 Rxd5 19. Nc4 b5 20. Ne3 Nxe3 21. Qxe3 Qb6 22. Qe2 Nd4 23. Bxd4 Qxd4 24. Rac1 Qxe5 25. Rc8+ Ke7 26. Qc2 Rg6 27. Rc7+ Kf6 28. Rxa7 Rg4 29. Qc6 Rxh4 30. g3 Qe4 31. Qc3+ Kg6 32. gxh4 Rd3 33. Qc2 Qg4+ 34. Kh2 Qxh4+ 35. Kg1 Qg4+ 36. Kh2 Qh3+ 1/2-1/2

[Event "Rahachow Rogachev Memorial"]
[Site "Rahachow"]
[Date "2023.08.10"]
[Round "4"]
[White "Gavrilov, Maxim"]
[Black "Dimitrova, Aleksandra"]
[Result "0-1"]
[WhiteElo "2208"]
[BlackElo "2179"]
[PlyCount "116"]
[EventDate "2023.08.08"]
[EventType "team-schev"]
[EventRounds "9"]
[EventCountry "BLR"]
[SourceTitle "CBM 215 Extra"]
[Source "ChessBase"]
[SourceDate "2023.09.30"]
[SourceVersion "1"]
[SourceVersionDate "2023.09.30"]
[SourceQuality "1"]
[WhiteTeam "White"]
[BlackTeam "Green"]
[WhiteTeamCountry "BLR"]
[BlackTeamCountry "BLR"]

1. d4 Nf6 2. c4 e6 3. Nf3 b6 4. a3 Ba6 5. Qc2 Bb7 6. Nc3 c5 7. e4 cxd4 8. Nxd4 Bc5 9. Nb3 Nc6 10. Nxc5 bxc5 11. Be3 Nd4 12. Qd3 e5 13. b4 d6 14. Be2 0-0 15. Ra2 Nd7 16. 0-0 a5 17. bxa5 Rxa5 18. Rb1 Qa8 19. Bg4 Nf6 20. Bf3 h6 21. Bd2 Ra6 22. a4 Bc6 23. Rba1 Rb8 24. Nd5 Nxd5 25. cxd5 Bb5 26. Qc3 Be2 27. Kh1 Rb3 28. Qc1 Rxf3 29. Be3 Rxe3 30. Qxe3 Bc4 31. Rb2 Rxa4 32. Rab1 Ra1 33. h4 Rxb1+ 34. Rxb1 Qa2 35. Rb6 Qa1+ 36. Kh2 Ne2 37. f4 exf4 38. Qf2 Qe5 39. Qf3 Nd4 40. Qg4 Kh7 41. Rb7 Be2 42. Qh3 Bh5 43. g4 f3+ 44. Qg3 Bxg4 45. Qxe5 dxe5 46. Kg3 h5 47. d6 c4 48. d7 Bxd7 49. Rxd7 c3 50. Kf2 c2 51. Rc7 Kh6 52. Ke3 f6 53. Rc8 g5 54. hxg5+ fxg5 55. Kd3 g4 56. Rh8+ Kg7 57. Rxh5 c1R 58. Rxe5 f2 0-1

[Event "Voronezh op"]
[Site "Voronezh"]
[Date "2023.06.19"]
[Round "4"]
[White "Dimitrova, Aleksandra"]
[Black "Popov, Maksim1111"]
[Result "1-0"]
[WhiteElo "2127"]
[BlackElo "2332"]
[PlyCount "51"]
[EventDate "2023.06.16"]
[EventType "swiss"]
[EventRounds "9"]
[EventCountry "RUS"]
[SourceTitle "CBM 214 Extra"]
[Source "ChessBase"]
[SourceDate "2023.07.31"]
[SourceVersion "1"]
[SourceVersionDate "2023.07.31"]
[SourceQuality "1"]

1. e4 c5 2. Nf3 d6 3. d4 cxd4 4. Nxd4 Nf6 5. Nc3 a6 6. Nb3 e6 7. g4 b5 8. Bg2 Bb7 9. a3 Nc6 10. f4 Nd7 11. Be3 Be7 12. Qe2 g5 13. f5 Nde5 14. 0-0-0 Qc7 15. h4 gxh4 16. g5 h6 17. Rxh4 Rg8 18. Rxh6 Nc4 19. Bf4 e5 20. Nd5 Qd8 21. f6 Bf8 22. Rh7 exf4 23. Rxf7 f3 24. Rxb7 Rg7 25. Rxg7 Nd4 26. Nxd4 1-0

[Event "Orsha IM 12"]
[Site "Orsha"]
[Date "2022.12.19"]
[Round "4"]
[White "Dimitrova, Aleksandra"]
[Black "Vlasenko, Miroslav"]
[Result "1/2-1/2"]
[WhiteElo "2155"]
[BlackElo "2386"]
[PlyCount "103"]
[EventDate "2022.12.17"]
[EventType "tourn"]
[EventRounds "9"]
[EventCountry "BLR"]
[SourceTitle "CBM 212 Extra"]
[Source "ChessBase"]
[SourceDate "2023.03.31"]
[SourceVersion "1"]
[SourceVersionDate "2023.03.31"]
[SourceQuality "1"]

1. e4 c5 2. Nf3 Nf6 3. Nc3 d5 4. Bb5+ Bd7 5. e5 Bxb5 6. Nxb5 a6 7. Nc3 d4 8. exf6 dxc3 9. bxc3 exf6 10. 0-0 Be7 11. c4 0-0 12. Rb1 Qc7 13. d3 Bd6 14. h3 Nc6 15. Bd2 Rfe8 16. Re1 Qd7 17. Rxe8+ Rxe8 18. Qc1 b5 19. cxb5 axb5 20. Bf4 Bf8 21. Qb2 b4 22. Be3 Ra8 23. Nd2 Ne5 24. d4 cxd4 25. Bxd4 Qd5 26. Ra1 Ng6 27. Nf3 Nf4 28. Qb3 Qc6 29. Bb2 Rc8 30. Ne1 Qe4 31. Qe3 Ne2+ 32. Kf1 Qxe3 33. fxe3 Nc3 34. a3 Nd5 35. axb4 Nxe3+ 36. Kf2 Nc4 37. Bc3 Nd6 38. Bd4 Nf5 39. Bc5 Bxc5+ 40. bxc5 Kf8 41. Nd3 Nd4 42. Ra2 Ke7 43. Ke3 Ne6 44. Ra7+ Ke8 45. Ra5 Kd7 46. Ke4 Rb8 47. Ra6 Re8 48. Rd6+ Kc7 49. Kd5 Rb8 50. Rc6+ Kd7 51. Rd6+ Kc7 52. Rc6+ 1/2-1/2

[Event "RUS-ch Rapid (Women)"]
[Site "Sochi"]
[Date "2022.10.16"]
[Round "6"]
[White "Gunina, Valentina"]
[Black "Dimitrova, Aleksandra"]
[Result "1-0"]
[WhiteElo "2476"]
[BlackElo "2151"]
[PlyCount "69"]
[EventDate "2022.10.15"]
[EventType "swiss (rapid)"]
[EventRounds "11"]
[EventCountry "RUS"]
[SourceTitle "CBM 210 Extra"]
[Source "ChessBase"]
[SourceDate "2022.11.30"]
[SourceVersion "1"]
[SourceVersionDate "2022.11.30"]
[SourceQuality "1"]

1. d4 Nf6 2. c4 e6 3. Nf3 b6 4. g3 Ba6 5. b3 b5 6. cxb5 Bxb5 7. Nc3 Ba6 8. Bd2 d5 9. e3 Bxf1 10. Kxf1 Nbd7 11. Kg2 c5 12. Rc1 Be7 13. dxc5 Nxc5 14. Nb5 0-0 15. Nfd4 Qb6 16. b4 Nd3 17. Rc6 Qd8 18. Rc7 Ne5 19. f4 a6 20. fxe5 axb5 21. Rb7 Nd7 22. Nc6 Qe8 23. Qc2 Bg5 24. Rc1 g6 25. e4 Bxd2 26. Qxd2 Ra6 27. exd5 exd5 28. Qxd5 Nb6 29. Qf3 Nc4 30. Ne7+ Kg7 31. a4 Nxe5 32. Qd5 Re6 33. Rc8 Qxc8 34. Nxc8 Rxc8 35. Qxe6 1-0

[Event "RUS-ch Blitz (Women)"]
[Site "Sochi"]
[Date "2022.10.14"]
[Round "8"]
[White "Dimitrova, Aleksandra"]
[Black "Potapova, Margarita"]
[Result "1/2-1/2"]
[WhiteElo "2151"]
[BlackElo "2226"]
[PlyCount "108"]
[EventDate "2022.10.14"]
[EventType "swiss (blitz)"]
[EventRounds "13"]
[EventCountry "RUS"]
[SourceTitle "CBM 210 Extra"]
[Source "ChessBase"]
[SourceDate "2022.11.30"]
[SourceVersion "1"]
[SourceVersionDate "2022.11.30"]
[SourceQuality "1"]

1. e4 c6 2. d4 d5 3. e5 Bf5 4. Nc3 e6 5. g4 Bg6 6. Nge2 c5 7. h4 h5 8. Nf4 Bh7 9. Nxh5 Nc6 10. dxc5 Bxc5 11. Bg5 Qb6 12. Nxg7+ Kf8 13. Nxe6+ fxe6 14. Qf3+ Ke8 15. 0-0-0 Rc8 16. Bd3 Nxe5 17. Qe2 Nxd3+ 18. Rxd3 Bxd3 19. Qxd3 Ne7 20. Re1 Bb4 21. Bxe7 Bxc3 22. Ba3 Bxe1 23. Qg6+ Kd8 24. Qf6+ Kc7 25. Qe5+ Kd7 26. Qg7+ Kc6 27. Qe7 a5 28. Qxe6+ Kb5 29. Qe2+ Kc6 30. Qe6+ Kc7 31. Qe5+ Kc6 32. Qe6+ Kb5 33. Qe2+ Rc4 34. b3 Qxf2 35. bxc4+ dxc4 36. Qe5+ Kc6 37. Qd6+ Kb5 38. Qe5+ Kc6 39. Qd6+ Kb5 40. Qe5+ Kb6 41. Qxh8 Qd2+ 42. Kb1 Qd1+ 43. Bc1 Qd5 44. Qb2+ Ka7 45. h5 Bb4 46. h6 Bc5 47. Qb5 Qd4 48. Qxa5+ Kb8 49. Qb5 Bd6 50. h7 Be5 51. Qe8+ Ka7 52. Qa4+ Kb8 53. Qe8+ Ka7 54. Qa4+ Kb8 1/2-1/2

[Event "RUS-ch Blitz (Women)"]
[Site "Sochi"]
[Date "2022.10.14"]
[Round "11"]
[White "Dimitrova, Aleksandra"]
[Black "Voit, Daria"]
[Result "0-1"]
[WhiteElo "2151"]
[BlackElo "2347"]
[PlyCount "114"]
[EventDate "2022.10.14"]
[EventType "swiss (blitz)"]
[EventRounds "13"]
[EventCountry "RUS"]
[SourceTitle "CBM 210 Extra"]
[Source "ChessBase"]
[SourceDate "2022.11.30"]
[SourceVersion "1"]
[SourceVersionDate "2022.11.30"]
[SourceQuality "1"]

1. e4 c6 2. d4 d5 3. e5 Bf5 4. Nc3 Qb6 5. Na4 Qa5+ 6. c3 e6 7. Be3 Nd7 8. b4 Bxb4 9. cxb4 Qxb4+ 10. Bd2 Qxd4 11. Nf3 Qe4+ 12. Be2 d4 13. Nb2 Nxe5 14. Nxe5 Qxe5 15. 0-0 Ne7 16. Nc4 Qc7 17. Bb4 Rd8 18. Bd3 Bxd3 19. Qxd3 c5 20. Bd2 b5 21. Na3 a6 22. Rac1 0-0 23. Qe4 Qd6 24. Bf4 Qd5 25. Qb1 c4 26. Rfd1 Nc6 27. Nc2 Qc5 28. a3 e5 29. Bd2 c3 30. Be1 d3 31. Nb4 c2 32. Nxc2 dxc2 33. Rxc2 Qb6 34. Rdc1 Nd4 35. Rb2 Rc8 36. Rd1 Qg6 37. Qxg6 hxg6 38. f3 Rc4 39. Bf2 Rfc8 40. h4 Ra4 41. Re1 f6 42. Rd1 Rcc4 43. Rbd2 Rxa3 44. Bxd4 Rxd4 45. Rxd4 exd4 46. Rxd4 a5 47. Rd8+ Kh7 48. Rb8 b4 49. Kf2 b3 50. Kg3 a4 51. Kg4 Ra2 52. h5 Rxg2+ 53. Kh3 Rc2 54. hxg6+ Kxg6 55. Kg4 b2 56. Kf4 a3 57. Rb3 a2 0-1

[Event "RUS-ch Blitz (Women)"]
[Site "Sochi"]
[Date "2022.10.14"]
[Round "9"]
[White "Ovod, Evgenija"]
[Black "Dimitrova, Aleksandra"]
[Result "0-1"]
[WhiteElo "2323"]
[BlackElo "2151"]
[PlyCount "70"]
[EventDate "2022.10.14"]
[EventType "swiss (blitz)"]
[EventRounds "13"]
[EventCountry "RUS"]
[SourceTitle "CBM 210 Extra"]
[Source "ChessBase"]
[SourceDate "2022.11.30"]
[SourceVersion "1"]
[SourceVersionDate "2022.11.30"]
[SourceQuality "1"]

1. e4 c5 2. Nf3 e6 3. c3 d5 4. exd5 exd5 5. d4 c4 6. Be2 Nf6 7. 0-0 Bd6 8. b3 cxb3 9. axb3 0-0 10. Ba3 Nc6 11. Nbd2 Bf5 12. h3 h6 13. Re1 Rc8 14. Bf1 a6 15. Bxd6 Qxd6 16. Ne5 Nd7 17. Nxd7 Qxd7 18. Nf3 Qd6 19. Bd3 Bxd3 20. Qxd3 Rfe8 21. Re3 Rxe3 22. Qxe3 Ne7 23. Qd3 Ng6 24. g3 Qb6 25. c4 dxc4 26. bxc4 Qc6 27. Rc1 b5 28. c5 Qd5 29. Ra1 Rxc5 30. Rxa6 Rc1+ 31. Kh2 b4 32. Qd2 Qc4 33. Ra8+ Kh7 34. Ne5 Nxe5 35. dxe5 Qc6 0-1

[Event "Rogachev"]
[Site "Rogachev"]
[Date "2022.09.29"]
[Round "4"]
[White "Dimitrova, Aleksandra"]
[Black "Gavrilov, Maxim"]
[Result "0-1"]
[WhiteElo "2160"]
[BlackElo "2176"]
[PlyCount "96"]
[EventDate "2022.09.27"]
[EventType "tourn"]
[EventRounds "9"]
[EventCountry "BLR"]
[EventCategory "1"]
[SourceTitle "CBM 210 Extra"]
[Source "ChessBase"]
[SourceDate "2022.11.30"]
[SourceVersion "1"]
[SourceVersionDate "2022.11.30"]
[SourceQuality "1"]

1. e4 c5 2. Nf3 d6 3. d4 cxd4 4. Nxd4 Nf6 5. Nc3 a6 6. Rg1 e5 7. Nb3 Be6 8. g4 d5 9. exd5 Nxd5 10. Nxd5 Qxd5 11. Qxd5 Bxd5 12. Be3 Nc6 13. 0-0-0 0-0-0 14. Bb6 Rd7 15. Rg3 Be7 16. c4 Bg5+ 17. Be3 Bxe3+ 18. fxe3 Be6 19. Rxd7 Bxd7 20. Nc5 Kc7 21. Nxd7 Kxd7 22. g5 Kc7 23. Bg2 h5 24. h4 Rc8 25. b3 b5 26. cxb5 Nb4 27. Kd2 Rd8+ 28. Ke2 axb5 29. a4 Na2 30. axb5 Nc3+ 31. Kf2 Rd2+ 32. Ke1 Re2+ 33. Kf1 e4 34. Kg1 Rb2 35. Bf1 Rxb3 36. Rg2 Nd1 37. Ra2 Nxe3 38. Be2 f5 39. Ra7+ Kd6 40. Rxg7 f4 41. Bxh5 Rb1+ 42. Kh2 f3 43. Rg6+ Ke5 44. Rf6 Rb2+ 45. Kg3 Nf1+ 46. Kh3 Rh2+ 47. Kg4 Rg2+ 48. Kh3 Rg3# 0-1

[Event "Rogachev"]
[Site "Rogachev"]
[Date "2022.09.29"]
[Round "5"]
[White "Kononenko, Dmitry1111"]
[Black "Dimitrova, Aleksandra"]
[Result "1/2-1/2"]
[WhiteElo "2306"]
[BlackElo "2160"]
[PlyCount "98"]
[EventDate "2022.09.27"]
[EventType "tourn"]
[EventRounds "9"]
[EventCountry "BLR"]
[EventCategory "1"]
[SourceTitle "CBM 210 Extra"]
[Source "ChessBase"]
[SourceDate "2022.11.30"]
[SourceVersion "1"]
[SourceVersionDate "2022.11.30"]
[SourceQuality "1"]

1. d4 Nf6 2. c4 e6 3. g3 d5 4. Nf3 Be7 5. Bg2 0-0 6. 0-0 dxc4 7. Qc2 b6 8. Ne5 Qxd4 9. Bxa8 Qxe5 10. Bf3 Nd5 11. Qxc4 Ba6 12. Qc2 c5 13. Nc3 Nc6 14. Nxd5 exd5 15. Bf4 Qe6 16. Qa4 Bb7 17. Rad1 Rd8 18. Rfe1 a6 19. Qb3 Nd4 20. Rxd4 cxd4 21. Bc7 Rd7 22. Bxb6 d3 23. Ba5 dxe2 24. Rxe2 Qf5 25. Kg2 h5 26. Bc3 h4 27. h3 Qg6 28. Bd4 hxg3 29. fxg3 Bc6 30. Qc2 Qxc2 31. Rxc2 Bb5 32. Rc8+ Kh7 33. Bg4 Rd8 34. Rc7 Bf6 35. Bxf6 gxf6 36. b3 Kg6 37. Kf2 d4 38. a4 Bd3 39. Rd7 Rxd7 40. Bxd7 a5 41. Bb5 Be4 42. Ke2 f5 43. Bd3 Kg5 44. Kd2 f6 45. Be2 f4 46. h4+ Kf5 47. g4+ Kg6 48. Bd3 Bxd3 49. Kxd3 f3 1/2-1/2